Fundamentals success : (Record no. 505)

MARC details
000 -LEADER
fixed length control field 02731nam a22002897a 4500
003 - CONTROL NUMBER IDENTIFIER
control field OSt
005 - DATE AND TIME OF LATEST TRANSACTION
control field 20210220143501.0
008 - FIXED-LENGTH DATA ELEMENTS--GENERAL INFORMATION
fixed length control field 210220b ||||| |||| 00| 0 eng d
010 ## - LIBRARY OF CONGRESS CONTROL NUMBER
LC control number 2015458401
020 ## - INTERNATIONAL STANDARD BOOK NUMBER
International Standard Book Number 9780803644144
020 ## - INTERNATIONAL STANDARD BOOK NUMBER
International Standard Book Number 0803644140
040 ## - CATALOGING SOURCE
Original cataloging agency PHNSL
Transcribing agency PHNSL
100 ## - MAIN ENTRY--PERSONAL NAME
Personal name Nugent, Patricia Mary
245 ## - TITLE STATEMENT
Title Fundamentals success :
Remainder of title a Q & A review applying critical thinking to test taking /
Statement of responsibility, etc. Patricia M. Nugent, and Barbara A. Vitale.
246 ## - VARYING FORM OF TITLE
Title proper/short title Q & A review applying critical thinking to test taking
250 ## - EDITION STATEMENT
Edition statement Fourth edition.
260 ## - PUBLICATION, DISTRIBUTION, ETC.
Place of publication, distribution, etc. Philadelphia :
Name of publisher, distributor, etc. F.A. Davis,
Date of publication, distribution, etc. 2015.
300 ## - PHYSICAL DESCRIPTION
Extent xxii, 584 p. :
Other physical details ill.
490 ## - SERIES STATEMENT
Series statement Davis's success series
504 ## - BIBLIOGRAPHY, ETC. NOTE
Bibliography, etc. note Includes bibliographical references and index.
505 ## - FORMATTED CONTENTS NOTE
Formatted contents note Fundamentals of Critical Thinking Related to Test Taking. Introduction -- Maximize your critical-thinking abilities -- Critical thinking applied to test taking -- Critical-thinking strategy to answer nursing questions : the race model -- Summary -- Nursing Within the Context of Contemporary Health Care. Theory-based nursing care -- Legal and ethical issues -- Leadership and management -- Health-care delivery -- Community-based nursing -- Psychosociocultural Nursing Care. Nursing care across the life span -- Communication -- Psychological support -- Teaching and learning -- Essential Components of Nursing Care. Nursing process -- Physical assessment -- Infection control -- Safety -- Medication administration -- Pharmacology -- Basic Human Needs and Related Nursing Care. Hygiene -- Mobility -- Nutrition -- Oxygenation -- Urinary elimination -- Fluids and electrolytes -- Gastrointestinal system -- Pain, comfort, rest, and sleep -- Perioperative nursing -- Alternate Item Formats. Answers and rationales -- Comprehensive Final Book Exam. Questions -- Answers and rationales -- Glossary of English words commonly encountered on nursing examinations.
520 ## - SUMMARY, ETC.
Summary, etc. Master the fundamentals of nursing while developing your critical thinking and test-taking skills. More than 1,340 classroom-tested, NCLEX-style questions--including more than 440 alternate-item-format questions--reflect the latest advances in medical technology as well as the most recent guidelines and standards of care for nursing practice. An easy-to-follow format organizes information into 24 content areas. Each question provides answers and rationales for correct and incorrect responses and strategies for how to develop your critical-thinking skills.
650 ## - SUBJECT ADDED ENTRY--TOPICAL TERM
Topical term or geographic name entry element Nursing - Examinations, questions, etc.
Form subdivision Nursing - Examinations - Study guides.
General subdivision Critical thinking.
650 ## - SUBJECT ADDED ENTRY--TOPICAL TERM
Topical term or geographic name entry element Nursing.
Form subdivision Problem Solving.
700 ## - ADDED ENTRY--PERSONAL NAME
Personal name Vitale, Barbara Ann
942 ## - ADDED ENTRY ELEMENTS (KOHA)
Source of classification or shelving scheme Library of Congress Classification
Koha item type Books
Holdings
Withdrawn status Lost status Source of classification or shelving scheme Damaged status Not for loan Home library Current library Shelving location Date acquired Total Checkouts Full call number Barcode Date last seen Copy number Price effective from Koha item type Public note
    Library of Congress Classification     Public Health Nurses School Public Health Nurses School General Stacks 02/20/2021   RT55.N89 00998 02/20/2021 c.1 02/20/2021 Books kd 20/02/21
Copyright © 2025 PHNS Library. All Rights Reserved.